Top 10 joueurs sur Fifa (11-15) - Statistiques

Statistiques générales
  • Ce quiz a été pris 805 fois
  • Le résultat moyen est 32 sur 50
Statistiques - réponses
Note Joueur % Correct
90 Messi
100%
94 Messi
100%
94 Messi
100%
94 Messi
100%
93 Messi
100%
89 Ronaldo
100%
92 Ronaldo
100%
92 Ronaldo
100%
92 Ronaldo
100%
92 Ronaldo
100%
87 Xavi
83%
90 Xavi
83%
89 Xavi
83%
91 Iniesta
82%
90 Iniesta
82%
89 Iniesta
82%
89 Iniesta
82%
90 Neuer
78%
90 Ribery
72%
90 Ribery
72%
88 Ribery
72%
89 Suarez
72%
87 Robben
71%
90 Robben
71%
88 Robben`
71%
90 Robben
71%
89 Ibrahimovic
67%
89 Ibrahimovic
67%
90 Ibrahimovic
67%
89 Casillas
64%
89 casillas
64%
88 casillas
64%
88 Rooney
58%
90 Rooney
58%
88 Pique
49%
88 Drogba
43%
88 Hazard
37%
88 Villa
35%
88 Silva
34%
89 Van Persie
33%
89 Van Persie
33%
87 Lampard
31%
90 Falcao
24%
90 Falcao
24%
88 Sneijder
23%
88 Schweinsteiger
16%
88 Schweinsteiger
16%
89 Vidic
14%
87 Forlan
13%
92 Hernandez
4%
Aucun quiz correspondant
Distribution des résultats
% des personnes avec chaque résultat
Percentile par nombre de réponses
Votre historique - résultats
Vous n’avez pas pris ce quiz